| 000 | 00833nam a2200265 i 4500 | ||
|---|---|---|---|
| 001 | 17244 | ||
| 003 | ES-MaACL | ||
| 005 | 20230906151531.0 | ||
| 007 | t| | ||
| 008 | 010123s1995 sp ||||0| spa | ||
| 020 | _a84-7774-921-3 | ||
| 080 | _a7.078(460) | ||
| 080 | _a7.025(460) | ||
| 080 | _a351.852/.853(460) | ||
| 245 | 0 | 0 |
_aMecenazgo y conservación del patrimonio artístico _b: reflexiones sobre el caso español. |
| 260 |
_a[Madrid] : _bFundación Argentaria : _bVisor, _c[1995] |
||
| 300 |
_a142 p. ; _c24 cm. |
||
| 490 | 1 |
_aDebates sobre arte ; _v1 |
|
| 650 | 1 | 4 |
_aMecenazgo- _zEspaña. _914880 |
| 650 | 1 | 4 |
_aPatrimonio cultural- _xProtección- _zEspaña. _9143078 |
| 710 | 2 |
_aFundación Argentaria. _94221 |
|
| 830 | 1 |
_aDebates sobre arte ; _v1 _9180266 |
|
| 852 |
_aES-MaACL _jL-24235 |
||
| 999 |
_c17244 _d17244 |
||